College Quizbowl Stats
College Quizbowl Stats
Circuits
Seasons
Sets
Records
Detailed Stats
About
Loading...
Northeast
Tossups
Bonuses
Players
Teams
Categories (Tossup)
Categories (Bonus)
Atreya Mallanna
Brown B
Categories
Category
Powers
Gets
Negs
BBs
Points
Earliest Buzz
Avg. Buzz
First Buzzes
Top 3 Buzzes
BPA
PVF
Philosophy
0
1
0
0
10
86
86.00
0
0
2.70
7.14
Science - Biology
0
1
0
0
10
59
59.00
0
0
4.82
7.00
Science - Other
0
1
0
1
10
110
110.00
0
0
0.09
4.17
Science - Physics
0
0
1
0
-5
0.00
0
0
0.00
0.00
Buzzes
Category
Answer
Value
Buzz Position
Science - Biology
biodiversity
10
59
Philosophy
Hinduism
10
86
Science - Physics
diffraction
-5
100
Science - Other
integer factorization
10
110
Previous
1
Next